| 000 -LEADER |
| fixed length control field |
00826pam a2200229 i 4500 |
| 020 ## - INTERNATIONAL STANDARD BOOK NUMBER |
| ISBN |
0471093157 |
| 040 ## - CATALOGING SOURCE |
| Transcribing agency |
DLC |
| 082 00 - DEWEY DECIMAL CLASSIFICATION NUMBER |
| Classification number |
001 WIL 1978 Or. |
| 100 1# - MAIN ENTRY--AUTHOR NAME |
| Personal name |
Box, George E. P. |
| 245 10 - TITLE STATEMENT |
| Title |
Statistics for experimenters : |
| Remainder of title |
an introduction to design, data analysis, and model building / |
| 260 ## - PUBLICATION, DISTRIBUTION, ETC. (IMPRINT) |
| Place of publication |
New York : |
| Name of publisher |
Wiley, |
| Year of publication |
c1978. |
| 300 ## - PHYSICAL DESCRIPTION |
| Number of Pages |
xviii, 653 p. : |
| Other physical details |
ill. ; |
| Dimensions |
24 cm. |
| 490 0# - SERIES STATEMENT |
| Series statement |
Wiley series in probability and mathematical statistics |
| 650 #0 - SUBJECT ADDED ENTRY--TOPICAL TERM |
| Topical Term |
Experimental design. |
| 650 #0 - SUBJECT ADDED ENTRY--TOPICAL TERM |
| Topical Term |
Analysis of variance. |
| 700 1# - ADDED ENTRY--PERSONAL NAME |
| Personal name |
Hunter, William Gordon, |
| 700 1# - ADDED ENTRY--PERSONAL NAME |
| Personal name |
Hunter, J. Stuart, |
| 856 42 - ELECTRONIC LOCATION AND ACCESS |
| Uniform Resource Identifier |
http://www.loc.gov/catdir/bios/wiley042/77015087.html |
| 856 42 - ELECTRONIC LOCATION AND ACCESS |
| Uniform Resource Identifier |
http://www.loc.gov/catdir/description/wiley033/77015087.html |
| 856 4# - ELECTRONIC LOCATION AND ACCESS |
| Uniform Resource Identifier |
http://www.loc.gov/catdir/toc/onix04/77015087.html |
| 942 ## - ADDED ENTRY ELEMENTS (KOHA) |
| Koha item type |
សៀវភៅភាសាអង់គ្លេស |
| 952 ## - LOCATION AND ITEM INFORMATION (KOHA) |
| Withdrawn status [LOCAL, KOHA] |
0 |